[Event "Pinneberg-ch"]
[Site "Pinneberg"]
[Date "2013.08.22"]
[Round "3"]
[White "Van Riesen, Klaus"]
[Black "McClung, Gregory"]
[Result "1-0"]
[WhiteElo "2057"]
[BlackElo "1720"]
[PlyCount "159"]
[EventDate "2013.08.08"]
[EventType "swiss"]
[EventRounds "7"]
[EventCountry "GER"]
[SourceTitle "EXT 2017"]
[Source "ChessBase"]
[SourceDate "2016.10.25"]
[SourceVersion "1"]
[SourceVersionDate "2016.10.25"]
[SourceQuality "1"]

1. e4 c5 2. Nf3 d6 3. d4 cxd4 4. Nxd4 Nf6 5. Nc3 g6 6. Be3 Bg7 7. f3 0-0 8. Qd2 Nc6 9. 0-0-0 Bd7 10. h4 Rc8 11. Kb1 Qa5 12. Nb3 Qd8 13. Bh6 Be6 14. h5 Nxh5 15. Rxh5 Bf6 16. Rh1 Bxb3 17. cxb3 Re8 18. Nd5 e6 19. Nxf6+ Qxf6 20. Bg5 Qe5 21. Be3 d5 22. Bd4 Nxd4 23. Qxd4 Qg5 24. e5 Rc7 25. f4 Qg4 26. Qd2 Rec8 27. Bd3 f6 28. a3 fxe5 29. fxe5 Rf7 30. Rhf1 Rcf8 31. Rxf7 Rxf7 32. Rf1 Rxf1+ 33. Bxf1 Qf5+ 34. Bd3 Qxe5 35. Qa5 Qb8 36. Qc5 Kf7 37. Ka2 b6 38. Qf2+ Kg8 39. Qf6 Qe8 40. Be2 Qf7 41. Qe5 Qe8 42. Bg4 Kf7 43. a4 Qe7 44. Qh8 h5 45. Be2 e5 46. Qh7+ Kf6 47. Qg8 d4 48. Qd5 Qe6 49. Qe4 Qf5 50. Qa8 Qd7 51. Bd3 Kg7 52. Qe4 Qe6 53. Bc4 Qe7 54. Qd5 a5 55. Bd3 Qf6 56. Qe4 Kh7 57. Qb7+ Kh6 58. Kb1 Qe6 59. Qe4 Qg4 60. Qxg4 hxg4 61. g3 Kg5 62. Kc2 Kf6 63. Be4 Ke6 64. Kd3 g5 65. Kc4 Kd6 66. Bf5 Kc6 67. Bxg4 Kd6 68. Bf3 Ke6 69. Be4 Kd6 70. b4 axb4 71. Kxb4 d3 72. Kc3 Kc5 73. Kxd3 Kb4 74. Bc6 Kc5 75. Be8 Kd6 76. Ke4 Ke7 77. Bb5 Kf6 78. g4 Ke6 79. Bc4+ Kd6 80. b4 1-0

[Event "Hamburg St Pauli op-B"]
[Site "Hamburg"]
[Date "2013.07.10"]
[Round "5"]
[White "McClung, Gregory"]
[Black "Sakel, Nicolai"]
[Result "0-1"]
[WhiteElo "1720"]
[BlackElo "1862"]
[PlyCount "118"]
[EventDate "2013.07.06"]
[EventType "swiss"]
[EventRounds "9"]
[EventCountry "GER"]
[SourceTitle "EXT 2014"]
[Source "ChessBase"]
[SourceDate "2013.11.20"]
[SourceVersion "1"]
[SourceVersionDate "2013.11.20"]
[SourceQuality "1"]

1. e4 Nf6 2. e5 Nd5 3. d4 d6 4. Nf3 Bg4 5. exd6 exd6 6. Be2 Be7 7. c4 Nb6 8. Qd3 Nc6 9. a3 0-0 10. Nc3 Bf6 11. Be3 d5 12. c5 Nc4 13. b3 Nxe3 14. fxe3 Re8 15. 0-0 Qd7 16. Rae1 b6 17. Na4 Re7 18. Qc3 Bxf3 19. Rxf3 Rae8 20. Bb5 a6 21. Bxa6 Bxd4 22. Qd3 bxc5 23. Rh3 h6 24. Bb5 Qd6 25. Nc3 Rb8 26. Ne2 Ne5 27. Qf5 Rxb5 28. exd4 Ng6 29. Qf2 cxd4 30. b4 Qe5 31. Nxd4 Qxe1+ 32. Qxe1 Rxe1+ 33. Kf2 Rxb4 34. axb4 Rb1 35. b5 Rb2+ 36. Ke3 Rxg2 37. Rh5 Rg5 38. Rxg5 hxg5 39. Nf5 Kf8 40. Kd4 Ne7 41. Ne3 f6 42. Kc5 Kf7 43. Nc2 f5 44. Kd4 Ke6 45. Kc5 f4 46. Nd4+ Kd7 47. h3 g6 48. Nf3 Ke6 49. Nxg5+ Kf5 50. h4 Kg4 51. Ne6 f3 52. Nxc7 f2 53. b6 f1Q 54. b7 Qb1 55. Nb5 Qc2+ 56. Kb6 Qc6+ 57. Ka7 Qxb5 58. h5 Nc6+ 59. Ka8 Qa6# 0-1

[Event "Norderstedt op"]
[Site "Norderstedt"]
[Date "2013.03.30"]
[Round "5"]
[White "McClung, Gregory"]
[Black "Gerdts, Martina"]
[Result "1/2-1/2"]
[WhiteElo "1731"]
[BlackElo "1312"]
[PlyCount "124"]
[EventDate "2013.03.28"]
[EventType "swiss"]
[EventRounds "9"]
[EventCountry "GER"]
[SourceTitle "EXT 2015"]
[Source "ChessBase"]
[SourceDate "2014.11.20"]
[SourceVersion "1"]
[SourceVersionDate "2014.11.20"]
[SourceQuality "1"]

1. e4 d6 2. d4 Nf6 3. Nc3 g6 4. f4 Bg7 5. e5 dxe5 6. fxe5 Nd5 7. Nf3 0-0 8. Nxd5 Qxd5 9. Be3 b6 10. Qd2 Nd7 11. b3 c5 12. Bc4 Qe4 13. Ng5 Qf5 14. Nxf7 e6 15. Rf1 Qg4 16. Rf4 Qh5 17. Bxe6 Qxh2 18. 0-0-0 Nxe5 19. Bd5 Nxf7 20. Rxf7 Rxf7 21. Bf4 Qh4 22. g3 Qe7 23. Re1 Qd7 24. Bxa8 Bb7 25. Bxb7 Qxb7 26. Re8+ Rf8 27. Rxf8+ Bxf8 28. d5 Qd7 29. d6 Kf7 30. Qd5+ Qe6 31. Qb7+ Kf6 32. d7 Qe1+ 33. Kb2 Qd1 34. Qc6+ Kf7 35. Be5 Be7 36. a4 h5 37. Qc7 Ke6 38. Bh8 Qxd7 39. Qe5+ Kf7 40. Qg7+ Ke8 41. Qg8+ Bf8 42. Qxg6+ Qf7 43. Qc6+ Qd7 44. Qa8+ Ke7 45. Qf3 Qe8 46. Qe4+ Kf7 47. Qh7+ Ke6 48. Qxa7 Bd6 49. Qg7 Bxg3 50. Qh6+ Kd5 51. Qd2+ Kc6 52. Qg2+ Kd7 53. Ka2 Qxh8 54. Qxg3 h4 55. Qh3+ Ke7 56. Kb1 Kd6 57. c3 Ke5 58. Kc2 Qh7+ 59. Kd2 Qb1 60. Qxh4 Qxb3 61. Qg5+ Kd6 62. Qd8+ Kc6 1/2-1/2

[Event "Norderstedt op"]
[Site "Norderstedt"]
[Date "2013.03.28"]
[Round "1"]
[White "McClung, Gregory"]
[Black "Holm Pedersen, Sejer"]
[Result "0-1"]
[WhiteElo "1731"]
[BlackElo "2260"]
[PlyCount "96"]
[EventDate "2013.03.28"]
[EventType "swiss"]
[EventRounds "9"]
[EventCountry "GER"]
[SourceTitle "EXT 2015"]
[Source "ChessBase"]
[SourceDate "2014.11.20"]
[SourceVersion "1"]
[SourceVersionDate "2014.11.20"]
[SourceQuality "1"]

1. e4 e6 2. d4 d5 3. exd5 exd5 4. Bd3 Bd6 5. Nf3 Ne7 6. 0-0 0-0 7. c3 Nbc6 8. h3 Bf5 9. Qc2 Qd7 10. Bxf5 Nxf5 11. b3 Rfe8 12. Bb2 g6 13. c4 Rad8 14. Kh1 Bf4 15. Ne5 Nxe5 16. dxe5 d4 17. Qd3 Bxe5 18. Nd2 Bg7 19. Rfe1 h5 20. Rad1 c5 21. Ne4 b6 22. Bc1 Nd6 23. Bg5 Nxe4 24. Rxe4 Rxe4 25. Qxe4 Re8 26. Qd3 Qe6 27. Bf4 Qe2 28. Qxe2 Rxe2 29. a4 Rxf2 30. Bb8 a5 31. Bc7 Rf6 32. Kg1 Bh6 33. Re1 Be3+ 34. Kh1 Kf8 35. g4 hxg4 36. hxg4 Ke8 37. Kg2 Kd7 38. Bg3 Bg5 39. Rd1 Re6 40. Bf2 Re2 41. Kf3 Rb2 42. Rd3 f5 43. gxf5 gxf5 44. Bg3 Be3 45. Be1 Ke6 46. Bg3 f4 47. Bxf4 Rf2+ 48. Kg3 Rxf4 0-1

[Event "Hamburg St Pauli op-B"]
[Site "Hamburg"]
[Date "2011.07.09"]
[Round "1"]
[White "McClung, Gregory"]
[Black "Kastner, Hannes"]
[Result "0-1"]
[WhiteElo "1583"]
[BlackElo "1832"]
[PlyCount "136"]
[EventDate "2011.07.09"]
[EventType "swiss"]
[EventRounds "9"]
[EventCountry "GER"]
[SourceTitle "CBM 143 Extra"]
[Source "ChessBase"]
[SourceDate "2011.08.29"]
[SourceVersion "1"]
[SourceVersionDate "2011.08.29"]
[SourceQuality "1"]

1. e4 e6 2. d4 c5 3. Nf3 cxd4 4. Nxd4 Bc5 5. Nb5 Qb6 6. Qf3 a6 7. N5a3 Ne7 8. Be2 Nbc6 9. Nc4 Qc7 10. 0-0 0-0 11. c3 f5 12. Bg5 fxe4 13. Qh5 d5 14. Bxe7 Bxe7 15. Ne3 Bd7 16. Nxd5 exd5 17. Qxd5+ Kh8 18. Qxe4 Rae8 19. Qc2 Bf5 20. Bd3 Nb4 21. cxb4 Qxc2 22. Bxc2 Bxc2 23. a3 Bf6 24. Nc3 Rc8 25. Rac1 Bg6 26. h3 Bd4 27. a4 Bd3 28. Rfd1 Bxf2+ 29. Kh1 Bg6 30. Nd5 Rxc1 31. Rxc1 Be4 32. Nc3 Bc6 33. b5 axb5 34. axb5 Be8 35. Ne4 Kg8 36. Rc8 Bxb5 37. Rxf8+ Kxf8 38. Nxf2 Bc6 39. Kg1 Ke7 40. g4 Kd6 41. Kf1 Kd5 42. Ke2 Kd4 43. g5 Ke5 44. Ke3 Kf5 45. h4 Bg2 46. b4 Bc6 47. Kd4 Kf4 48. Nd3+ Kg3 49. h5 Kh4 50. Ne5 Kxh5 51. Nxc6 bxc6 52. Kc5 Kxg5 53. Kxc6 h5 54. b5 h4 55. b6 h3 56. b7 h2 57. b8Q h1Q+ 58. Kc5 Qc1+ 59. Kd5 Qd2+ 60. Ke4 Qe2+ 61. Kd5 Qd3+ 62. Ke6 Qf5+ 63. Ke7 Qf6+ 64. Ke8 Kf5 65. Qb1+ Ke6 66. Qe4+ Qe5 67. Qg4+ Kf6+ 68. Kd7 Qf5+ 0-1